南京地铁5号线 Nanjing Metro Line 5 - Statistics

General Stats
  • This quiz has been taken 17 times
  • The average score is 23 of 30
Answer Stats
换乘线路 站名 % Correct
S1 吉印大道
100%
九龙湖南
100%
3 夫子庙
100%
1 三山街
100%
2 上海路
100%
1 竹山路
92%
4 云南路
92%
静海寺
92%
南京西站
92%
3 诚信大道
85%
东山
85%
东山香樟园
85%
青春广场
85%
科宁路
77%
文靖路
77%
10 大校场
77%
朝天宫
77%
福建路
77%
下关
77%
方家营
77%
前庄
69%
神机营
69%
五台山
69%
新亭路
62%
七桥瓮
62%
光华门
62%
虹桥
62%
盐仓桥
62%
通济门
46%
石门坎
38%
No matching quizzes found
Score Distribution
Percent of People with Each Score
Percentile by Number Answered
Your Score History
You have not taken this quiz